[Event "DEM U12w 2018"]
[Site "Willingen GER"]
[Date "2018.05.22"]
[Round "5"]
[White "Müller, Alina"]
[Black "Alhassan, Jodi"]
[Result "1-0"]
[Termination "normal"]
[Board "20"]
[WhiteElo "1208"]
[BlackElo "1114"]
[PlyCount "105"]
[WhiteFideId "16265939"]
[BlackFideId "16250460"]
[EventCountry "GER"]
[EventRounds "11"]
[EventType "swiss"]
[EventDate "2018.05.19"]

1. d4 d5 2. Nf3 Nc6 3. e3 Nf6 4. c4 e6 5. Nc3 Bb4 6. a3 Bxc3+ 7. bxc3 O-O 8.
Bd3 b6 9. O-O Ba6 10. cxd5 Bxd3 11. Qxd3 exd5 12. Nd2 Qd6 13. e4 dxe4 14. Nxe4
Nxe4 15. Qxe4 Rfe8 16. Qf3 a5 17. Bf4 Qd7 18. Qg3 Rac8 19. Bh6 g6 20. Qf4 Qd6
21. Qxd6 cxd6 22. Bf4 d5 23. Rab1 Ne7 24. Rxb6 Rxc3 25. Re1 Kg7 26. h4 Rcc8 27.
Rb5 Nf5 28. Rxe8 Rxe8 29. Rxd5 Nxh4 30. Rxa5 Nf5 31. d5 Rd8 32. Rc5 Nd6 33. Kf1
Kf6 34. Bxd6 Rxd6 35. Rc6 Rxc6 36. dxc6 Ke7 37. Ke2 Kd6 38. Kf3 Kxc6 39. Kf4 f6
40. Ke4 h5 41. g3 Kd6 42. a4 f5+ 43. Kf4 Ke6 44. a5 Kd7 45. Kg5 Kc6 46. Kxg6 f4
47. Kxh5 fxg3 48. fxg3 Kb5 49. g4 Kxa5 50. g5 Kb6 51. g6 Kc5 52. g7 Kc6 53.
g8=Q 1-0

[Event "DEM U12w 2018"]
[Site "Willingen GER"]
[Date "2018.05.23"]
[Round "6"]
[White "Wagner, Margarethe"]
[Black "Bashylina, Luisa"]
[Result "0-1"]
[Termination "normal"]
[Board "1"]
[WhiteElo "1515"]
[BlackElo "1764"]
[WhiteClock "00:13:43"]
[BlackClock "00:39:08"]
[PlyCount "78"]
[WhiteFideId "16236947"]
[BlackFideId "12983292"]
[EventCountry "GER"]
[EventRounds "11"]
[EventType "swiss"]
[EventDate "2018.05.19"]

1. e4 {[%clk 1:15:59]} 1... c5 {[%clk 1:15:56]} 2. Nf3 {[%clk 1:16:20]} 2... e6
{[%clk 1:16:21]} 3. d4 {[%clk 1:16:43]} 3... cxd4 {[%clk 1:16:48]} 4. Nxd4 {
[%clk 1:17:07]} 4... a6 {[%clk 1:17:15]} 5. Bd3 {[%clk 1:17:26]} 5... Qc7 {
[%clk 1:16:57]} 6. O-O {[%clk 1:17:39]} 6... Nf6 {[%clk 1:17:03]} 7. c4 { [%clk
1:16:35]} 7... Nc6 {[%clk 1:15:36]} 8. Nxc6 {[%clk 1:15:19]} 8... dxc6 { [%clk
1:14:45]} 9. Qe2 {[%clk 1:13:20]} 9... e5 {[%clk 1:11:49]} 10. Nd2 { [%clk
1:08:47]} 10... Be7 {[%clk 1:10:09]} 11. Nf3 {[%clk 1:07:31]} 11... Bg4 { [%clk
1:09:31]} 12. h3 {[%clk 1:04:48]} 12... Bh5 {[%clk 1:08:38]} 13. b3 { [%clk
1:03:03]} 13... O-O {[%clk 1:07:30]} 14. Bb2 {[%clk 1:03:19]} 14... Nd7 { [%clk
1:07:14]} 15. Qe3 {[%clk 0:55:23]} 15... Rad8 {[%clk 1:03:03]} 16. Rad1 { [%clk
0:49:54]} 16... f6 {[%clk 0:59:46]} 17. g4 {[%clk 0:46:44]} 17... Bg6 { [%clk
0:57:20]} 18. Nh4 {[%clk 0:46:33]} 18... Nc5 {[%clk 0:56:06]} 19. Ba3 { [%clk
0:42:11]} 19... Nxd3 {[%clk 0:54:33]} 20. Bxe7 {[%clk 0:42:33]} 20... Qxe7
{[%clk 0:54:53]} 21. Rxd3 {[%clk 0:42:58]} 21... Rxd3 {[%clk 0:55:07]} 22. Qxd3
{[%clk 0:43:22]} 22... Rd8 {[%clk 0:55:32]} 23. Qc2 {[%clk 0:39:28]} 23... Qd6
{[%clk 0:53:45]} 24. Nxg6 {[%clk 0:38:12]} 24... hxg6 {[%clk 0:54:07]} 25. Kg2
{[%clk 0:35:59]} 25... Qd4 {[%clk 0:53:24]} 26. Re1 {[%clk 0:34:23]} 26... Kf7
{[%clk 0:52:28]} 27. c5 {[%clk 0:31:36]} 27... Qb4 {[%clk 0:50:41]} 28. Re3
{[%clk 0:28:25]} 28... Rd2 {[%clk 0:49:55]} 29. a3 {[%clk 0:26:00]} 29... Qd4 {
[%clk 0:48:51]} 30. Qc4+ {[%clk 0:25:39]} 30... Ke7 {[%clk 0:48:51]} 31. Qxd4 {
[%clk 0:22:58]} 31... exd4 {[%clk 0:44:58]} 32. Rf3 {[%clk 0:21:12]} 32... Ke6
{[%clk 0:44:47]} 33. b4 {[%clk 0:17:45]} 33... Re2 {[%clk 0:41:26]} 34. Rd3 {
[%clk 0:16:30]} 34... Ke5 {[%clk 0:41:03]} 35. Kf1 {[%clk 0:14:50]} 35... Rxe4
{[%clk 0:40:54]} 36. f3 {[%clk 0:14:32]} 36... Re3 {[%clk 0:38:09]} 37. Rxe3+ {
[%clk 0:14:06]} 37... dxe3 {[%clk 0:38:36]} 38. Ke2 {[%clk 0:14:26]} 38... Kd4
{[%clk 0:38:51]} 39. h4 {[%clk 0:13:43]} 39... f5 {[%clk 0:39:08]} 0-1

[Event "DEM U12w 2018"]
[Site "Willingen GER"]
[Date "2018.05.23"]
[Round "6"]
[White "Zhou, Lepu Coco"]
[Black "Werner, Rosalie"]
[Result "1/2-1/2"]
[Termination "normal"]
[Board "2"]
[WhiteElo "1720"]
[BlackElo "1575"]
[WhiteClock "00:27:02"]
[BlackClock "00:07:36"]
[PlyCount "76"]
[WhiteFideId "16217136"]
[BlackFideId "16223748"]
[EventCountry "GER"]
[EventRounds "11"]
[EventType "swiss"]
[EventDate "2018.05.19"]

1. e4 {[%clk 1:15:58]} 1... e6 {[%clk 1:15:55]} 2. d4 {[%clk 1:16:24]} 2... d5
{[%clk 1:16:19]} 3. Nc3 {[%clk 1:16:51]} 3... Bb4 {[%clk 1:16:45]} 4. e5 {
[%clk 1:17:16]} 4... c5 {[%clk 1:17:11]} 5. a3 {[%clk 1:17:42]} 5... Bxc3+ {
[%clk 1:17:37]} 6. bxc3 {[%clk 1:18:04]} 6... Qa5 {[%clk 1:18:01]} 7. Bd2 {
[%clk 1:17:42]} 7... Qa4 {[%clk 1:18:26]} 8. Be3 {[%clk 1:16:02]} 8... Nc6 {
[%clk 1:11:41]} 9. f4 {[%clk 1:14:58]} 9... Nge7 {[%clk 1:06:02]} 10. Nf3 {
[%clk 1:15:11]} 10... Nf5 {[%clk 1:03:46]} 11. Bf2 {[%clk 1:15:07]} 11... b6 {
[%clk 0:52:57]} 12. g4 {[%clk 1:11:11]} 12... Nfe7 {[%clk 0:52:15]} 13. Bd3 {
[%clk 1:10:36]} 13... c4 {[%clk 0:47:46]} 14. Be2 {[%clk 1:10:38]} 14... Bb7 {
[%clk 0:44:29]} 15. O-O {[%clk 1:10:40]} 15... O-O-O {[%clk 0:43:17]} 16. Bh4 {
[%clk 1:08:02]} 16... Rdf8 {[%clk 0:40:45]} 17. Bg3 {[%clk 1:05:21]} 17... h5 {
[%clk 0:35:51]} 18. gxh5 {[%clk 1:04:29]} 18... Rxh5 {[%clk 0:35:53]} 19. Ng5 {
[%clk 1:04:32]} 19... Rhh8 {[%clk 0:35:53]} 20. Bg4 {[%clk 1:02:46]} 20... Nd8
{[%clk 0:33:24]} 21. f5 {[%clk 1:02:07]} 21... Qd7 {[%clk 0:31:34]} 22. fxe6 {
[%clk 0:56:55]} 22... fxe6 {[%clk 0:30:02]} 23. Qe2 {[%clk 0:56:11]} 23... Kc7
{[%clk 0:27:14]} 24. Rxf8 {[%clk 0:56:32]} 24... Rxf8 {[%clk 0:27:38]} 25. Rf1
{[%clk 0:56:57]} 25... Rxf1+ {[%clk 0:26:33]} 26. Qxf1 {[%clk 0:57:22]} 26...
Bc8 {[%clk 0:26:09]} 27. Qh3 {[%clk 0:55:58]} 27... Kb7 {[%clk 0:23:50]} 28.
Qh7 {[%clk 0:53:55]} 28... Qa4 {[%clk 0:20:34]} 29. Qxg7 {[%clk 0:48:35]} 29...
Qxa3 {[%clk 0:20:23]} 30. Qf6 {[%clk 0:43:22]} 30... Qc1+ {[%clk 0:19:07]} 31.
Kg2 {[%clk 0:43:33]} 31... Qxc2+ {[%clk 0:17:59]} 32. Kh3 {[%clk 0:43:22]}
32... Nec6 {[%clk 0:16:25]} 33. Nxe6 {[%clk 0:41:11]} 33... Nxe6 { [%clk
0:15:21]} 34. Bxe6 {[%clk 0:41:33]} 34... Bxe6+ {[%clk 0:14:58]} 35. Qxe6
{[%clk 0:41:55]} 35... Qh7+ {[%clk 0:15:16]} 36. Kg4 {[%clk 0:40:32]} 36... Ne7
{[%clk 0:07:14]} 37. Qd7+ {[%clk 0:36:29]} 37... Ka6 {[%clk 0:07:23]} 38. Qa4+
{[%clk 0:27:02]} 38... Kb7 {[%clk 0:07:36]} 1/2-1/2

[Event "DEM U12w 2018"]
[Site "Willingen GER"]
[Date "2018.05.23"]
[Round "6"]
[White "Pohle, Saskia"]
[Black "Wörz, Ann-Sophie"]
[Result "1-0"]
[Termination "normal"]
[Board "3"]
[WhiteElo "1611"]
[BlackElo "1433"]
[WhiteClock "00:33:30"]
[BlackClock "00:33:41"]
[PlyCount "61"]
[WhiteFideId "16201604"]
[BlackFideId "16265890"]
[EventCountry "GER"]
[EventRounds "11"]
[EventType "swiss"]
[EventDate "2018.05.19"]

1. e4 {[%clk 1:15:59]} 1... e5 {[%clk 1:15:57]} 2. Nf3 {[%clk 1:16:25]} 2...
Nc6 {[%clk 1:16:22]} 3. d4 {[%clk 1:16:52]} 3... exd4 {[%clk 1:16:47]} 4. Bc4 {
[%clk 1:17:16]} 4... Nf6 {[%clk 1:17:10]} 5. e5 {[%clk 1:17:42]} 5... d5 {
[%clk 1:17:33]} 6. Bb5 {[%clk 1:18:07]} 6... Ne4 {[%clk 1:17:54]} 7. Nxd4 {
[%clk 1:18:31]} 7... Bd7 {[%clk 1:18:13]} 8. Bxc6 {[%clk 1:18:55]} 8... bxc6 {
[%clk 1:18:34]} 9. O-O {[%clk 1:19:16]} 9... Bc5 {[%clk 1:18:52]} 10. Be3 {
[%clk 1:19:34]} 10... Bb6 {[%clk 1:19:04]} 11. f3 {[%clk 1:19:53]} 11... Ng5 {
[%clk 1:19:19]} 12. f4 {[%clk 1:20:17]} 12... Ne4 {[%clk 1:19:44]} 13. Nd2 {
[%clk 1:20:40]} 13... Nxd2 {[%clk 1:19:58]} 14. Qxd2 {[%clk 1:21:03]} 14... c5
{[%clk 1:20:10]} 15. Nf3 {[%clk 1:21:24]} 15... d4 {[%clk 1:20:36]} 16. Bf2 {
[%clk 1:21:49]} 16... Bc6 {[%clk 1:20:51]} 17. f5 {[%clk 1:10:13]} 17... Bxf3 {
[%clk 1:18:05]} 18. gxf3 {[%clk 1:10:38]} 18... Qd5 {[%clk 1:13:29]} 19. Qf4 {
[%clk 1:09:36]} 19... Kd7 {[%clk 1:10:19]} 20. Rfe1 {[%clk 0:58:29]} 20... Rae8
{[%clk 1:08:07]} 21. Rad1 {[%clk 0:55:08]} 21... g5 {[%clk 0:59:46]} 22. Qe4 {
[%clk 0:39:15]} 22... Qxa2 {[%clk 0:50:58]} 23. e6+ {[%clk 0:39:02]} 23... fxe6
{[%clk 0:50:40]} 24. fxe6+ {[%clk 0:39:25]} 24... Rxe6 {[%clk 0:50:18]} 25. Qf5
{[%clk 0:38:50]} 25... Rhe8 {[%clk 0:45:56]} 26. b3 {[%clk 0:36:18]} 26... Qb2
{[%clk 0:39:21]} 27. Qd5+ {[%clk 0:32:26]} 27... Kc8 {[%clk 0:33:28]} 28. Rxe6
{[%clk 0:32:34]} 28... Rxe6 {[%clk 0:33:24]} 29. Qxe6+ {[%clk 0:33:00]} 29...
Kb7 {[%clk 0:33:19]} 30. Qd5+ {[%clk 0:33:12]} 30... Kc8 {[%clk 0:33:41]} 31.
Re1 {[%clk 0:33:30]} 1-0

[Event "DEM U12w 2018"]
[Site "Willingen GER"]
[Date "2018.05.23"]
[Round "6"]
[White "Keymer, Cecilia"]
[Black "Lorenz, Anouk"]
[Result "1/2-1/2"]
[Termination "normal"]
[Board "4"]
[WhiteElo "1423"]
[BlackElo "1310"]
[WhiteClock "00:15:06"]
[BlackClock "00:19:24"]
[PlyCount "107"]
[WhiteFideId "16233468"]
[BlackFideId "12990256"]
[EventCountry "GER"]
[EventRounds "11"]
[EventType "swiss"]
[EventDate "2018.05.19"]

1. d4 {[%clk 1:15:57]} 1... f5 {[%clk 1:15:54]} 2. Nf3 {[%clk 1:16:16]} 2...
Nf6 {[%clk 1:16:14]} 3. Bg5 {[%clk 1:16:23]} 3... g6 {[%clk 1:16:08]} 4. Bxf6 {
[%clk 1:16:18]} 4... exf6 {[%clk 1:16:19]} 5. e3 {[%clk 1:15:15]} 5... d5 {
[%clk 1:14:47]} 6. c4 {[%clk 1:14:22]} 6... Be6 {[%clk 1:14:51]} 7. b3 { [%clk
1:06:25]} 7... Nd7 {[%clk 1:11:11]} 8. Qc2 {[%clk 1:02:35]} 8... c5 { [%clk
1:02:20]} 9. Nbd2 {[%clk 0:59:36]} 9... Rc8 {[%clk 1:01:16]} 10. Qb2 { [%clk
0:57:33]} 10... Nb6 {[%clk 1:00:13]} 11. Rc1 {[%clk 0:56:08]} 11... dxc4 {[%clk
0:54:56]} 12. Nxc4 {[%clk 0:54:00]} 12... cxd4 {[%clk 0:48:05]} 13. Nxb6 {[%clk
0:50:05]} 13... Rxc1+ {[%clk 0:47:44]} 14. Qxc1 {[%clk 0:50:13]} 14... Qxb6
{[%clk 0:47:19]} 15. Nxd4 {[%clk 0:49:20]} 15... Bb4+ {[%clk 0:46:42]} 16. Kd1
{[%clk 0:48:15]} 16... Bd7 {[%clk 0:39:23]} 17. g3 {[%clk 0:43:03]} 17... O-O
{[%clk 0:37:14]} 18. Bc4+ {[%clk 0:41:51]} 18... Kg7 {[%clk 0:37:26]} 19. h4
{[%clk 0:40:19]} 19... Rd8 {[%clk 0:35:59]} 20. Ke2 {[%clk 0:38:19]} 20... Rc8
{[%clk 0:32:41]} 21. Qb2 {[%clk 0:37:17]} 21... a6 {[%clk 0:30:44]} 22. Rd1
{[%clk 0:34:50]} 22... Rd8 {[%clk 0:28:56]} 23. Nc2 {[%clk 0:31:25]} 23... Be7
{[%clk 0:27:45]} 24. Rd4 {[%clk 0:26:11]} 24... Be8 {[%clk 0:25:47]} 25. Rxd8 {
[%clk 0:25:08]} 25... Qxd8 {[%clk 0:24:34]} 26. Nd4 {[%clk 0:24:34]} 26... Qd6
{[%clk 0:22:57]} 27. Qd2 {[%clk 0:22:04]} 27... Bd7 {[%clk 0:18:59]} 28. Qa5 {
[%clk 0:19:19]} 28... Kh6 {[%clk 0:15:33]} 29. Bd3 {[%clk 0:16:06]} 29... Qc5 {
[%clk 0:14:19]} 30. Qxc5 {[%clk 0:14:38]} 30... Bxc5 {[%clk 0:14:19]} 31. Bc4 {
[%clk 0:13:06]} 31... Bd6 {[%clk 0:13:19]} 32. Bd5 {[%clk 0:12:26]} 32... b6 {
[%clk 0:13:18]} 33. Bb7 {[%clk 0:11:30]} 33... a5 {[%clk 0:13:31]} 34. Kd3 {
[%clk 0:10:23]} 34... Bb4 {[%clk 0:12:46]} 35. Nc2 {[%clk 0:09:34]} 35... Bb5+
{[%clk 0:12:28]} 36. Kd4 {[%clk 0:09:27]} 36... Bc5+ {[%clk 0:12:33]} 37. Kc3 {
[%clk 0:09:05]} 37... g5 {[%clk 0:12:13]} 38. hxg5+ {[%clk 0:07:19]} 38... fxg5
{[%clk 0:12:33]} 39. b4 {[%clk 0:05:44]} 39... axb4+ {[%clk 0:12:40]} 40. Nxb4
{[%clk 0:06:01]} 40... Kh5 {[%clk 0:12:30]} 41. Bf3+ {[%clk 0:04:49]} 41... g4
{[%clk 0:11:21]} 42. Bd5 {[%clk 0:04:02]} 42... Kg5 {[%clk 0:08:20]} 43. Nd3 {
[%clk 0:03:11]} 43... Bxd3 {[%clk 0:07:00]} 44. Kxd3 {[%clk 0:03:33]} 44... Bb4
{[%clk 0:07:16]} 45. Ke2 {[%clk 0:03:32]} 45... h5 {[%clk 0:07:02]} 46. Be6 {
[%clk 0:03:24]} 46... Be7 {[%clk 0:06:31]} 47. Kf1 {[%clk 0:02:23]} 47... Kg6 {
[%clk 0:06:41]} 48. Bc8 {[%clk 0:02:05]} 48... h4 {[%clk 0:06:40]} 49. gxh4 {
[%clk 0:02:03]} 49... Bxh4 {[%clk 0:06:57]} 50. Kg2 {[%clk 0:00:46]} 50... Kf6
{[%clk 0:06:21]} 51. Kf1 {[%clk 0:15:08]} 51... Ke5 {[%clk 0:19:31]} 52. Ke2 {
[%clk 0:14:53]} 52... g3 {[%clk 0:19:03]} 53. fxg3 {[%clk 0:15:06]} 53... Bxg3
{[%clk 0:19:24]} 54. Kd3 1/2-1/2

[Event "DEM U12w 2018"]
[Site "Willingen GER"]
[Date "2018.05.23"]
[Round "6"]
[White "Schulz, Hannah"]
[Black "Schneider, Anna"]
[Result "0-1"]
[Termination "normal"]
[Board "5"]
[WhiteElo "1651"]
[BlackElo "1432"]
[WhiteClock "00:45:46"]
[BlackClock "01:06:21"]
[PlyCount "50"]
[WhiteFideId "16244745"]
[BlackFideId "16200527"]
[EventCountry "GER"]
[EventRounds "11"]
[EventType "swiss"]
[EventDate "2018.05.19"]

1. e4 {[%clk 1:15:59]} 1... e5 {[%clk 1:15:54]} 2. Nf3 {[%clk 1:16:26]} 2...
Nc6 {[%clk 1:16:18]} 3. Bc4 {[%clk 1:16:53]} 3... Bc5 {[%clk 1:16:41]} 4. O-O {
[%clk 1:17:19]} 4... Nf6 {[%clk 1:16:57]} 5. d4 {[%clk 1:17:45]} 5... Bxd4 {
[%clk 1:16:27]} 6. Nxd4 {[%clk 1:18:10]} 6... Nxd4 {[%clk 1:16:48]} 7. f4 {
[%clk 1:18:34]} 7... d6 {[%clk 1:16:59]} 8. fxe5 {[%clk 1:18:59]} 8... dxe5 {
[%clk 1:17:24]} 9. Bg5 {[%clk 1:19:22]} 9... h6 {[%clk 1:17:11]} 10. Bh4 {
[%clk 1:19:03]} 10... Qe7 {[%clk 1:14:03]} 11. Na3 {[%clk 1:15:20]} 11... Be6 {
[%clk 1:12:57]} 12. c3 {[%clk 1:12:24]} 12... g5 {[%clk 1:09:57]} 13. Bg3 {
[%clk 1:08:34]} 13... Nc6 {[%clk 1:09:43]} 14. Qb3 {[%clk 1:06:31]} 14... O-O-O
{[%clk 1:07:30]} 15. Bxe6+ {[%clk 1:06:04]} 15... fxe6 {[%clk 1:07:47]} 16.
Rae1 {[%clk 1:04:42]} 16... h5 {[%clk 1:07:04]} 17. h3 {[%clk 1:00:36]} 17...
h4 {[%clk 1:07:13]} 18. Bh2 {[%clk 1:00:38]} 18... g4 {[%clk 1:07:26]} 19. Kh1
{[%clk 1:00:39]} 19... gxh3 {[%clk 1:07:04]} 20. gxh3 {[%clk 1:01:03]} 20...
Rhg8 {[%clk 1:07:01]} 21. Rg1 {[%clk 1:01:09]} 21... Rxg1+ {[%clk 1:06:58]} 22.
Bxg1 {[%clk 1:01:17]} 22... Nh5 {[%clk 1:07:06]} 23. Bf2 {[%clk 1:00:44]} 23...
Qf6 {[%clk 1:07:01]} 24. Bxh4 24... Qf3+ {[%clk 1:06:01]} 25. Kh2 { [%clk
0:45:46]} 25... Rd2+ {[%clk 1:06:21]} 0-1

[Event "DEM U12w 2018"]
[Site "Willingen GER"]
[Date "2018.05.23"]
[Round "6"]
[White "Butenandt, Svenja"]
[Black "Bildat, Emilia"]
[Result "1/2-1/2"]
[Termination "normal"]
[Board "6"]
[WhiteElo "1730"]
[BlackElo "1460"]
[WhiteClock "00:21:25"]
[BlackClock "00:32:53"]
[PlyCount "54"]
[WhiteFideId "12993859"]
[BlackFideId "16218140"]
[EventCountry "GER"]
[EventRounds "11"]
[EventType "swiss"]
[EventDate "2018.05.19"]

1. d4 {[%clk 1:15:58]} 1... d5 {[%clk 1:15:55]} 2. c4 {[%clk 1:16:24]} 2... c6
{[%clk 1:16:20]} 3. Nf3 {[%clk 1:16:44]} 3... Nf6 {[%clk 1:16:41]} 4. Bg5 {
[%clk 1:16:20]} 4... Ne4 {[%clk 1:16:21]} 5. Bh4 {[%clk 1:15:50]} 5... Bf5 {
[%clk 1:15:28]} 6. e3 {[%clk 1:15:01]} 6... Nd7 {[%clk 1:14:27]} 7. Qb3 { [%clk
1:10:37]} 7... Qb6 {[%clk 1:13:06]} 8. Qxb6 {[%clk 1:06:45]} 8... Nxb6 { [%clk
1:13:04]} 9. cxd5 {[%clk 1:05:21]} 9... Nxd5 {[%clk 1:12:47]} 10. Nbd2 { [%clk
1:03:11]} 10... Nb4 {[%clk 1:09:46]} 11. Kd1 {[%clk 1:00:13]} 11... e6 { [%clk
1:04:56]} 12. a3 {[%clk 0:57:30]} 12... Nd5 {[%clk 1:04:35]} 13. Nxe4 { [%clk
0:54:59]} 13... Bxe4 {[%clk 1:04:57]} 14. Ne5 {[%clk 0:53:25]} 14... Be7 {[%clk
1:03:11]} 15. Bxe7 {[%clk 0:51:27]} 15... Kxe7 {[%clk 1:03:22]} 16. Kd2 {[%clk
0:48:32]} 16... f6 {[%clk 0:57:19]} 17. Nd3 {[%clk 0:47:41]} 17... Rac8 {[%clk
0:53:04]} 18. b4 {[%clk 0:43:39]} 18... Bxd3 {[%clk 0:52:28]} 19. Bxd3 { [%clk
0:43:50]} 19... g6 {[%clk 0:51:18]} 20. Rac1 {[%clk 0:40:36]} 20... Rhd8 {[%clk
0:50:14]} 21. Ke2 {[%clk 0:37:38]} 21... Kd6 {[%clk 0:47:09]} 22. h4 { [%clk
0:34:17]} 22... f5 {[%clk 0:42:06]} 23. g3 {[%clk 0:29:37]} 23... e5 { [%clk
0:40:00]} 24. dxe5+ {[%clk 0:28:41]} 24... Kxe5 {[%clk 0:40:21]} 25. Rc2 {[%clk
0:26:28]} 25... Nf6 {[%clk 0:38:29]} 26. Rhc1 {[%clk 0:23:38]} 26... Nd7 {[%clk
0:36:19]} 27. Rc3 {[%clk 0:21:25]} 27... Nb6 {[%clk 0:32:53]} 1/2-1/2

[Event "DEM U12w 2018"]
[Site "Willingen GER"]
[Date "2018.05.23"]
[Round "6"]
[White "Derling, Charlotte"]
[Black "Baltic, Sara"]
[Result "0-1"]
[Termination "normal"]
[Board "7"]
[WhiteElo "1449"]
[BlackElo "1432"]
[WhiteClock "00:42:53"]
[BlackClock "00:51:54"]
[PlyCount "92"]
[WhiteFideId "16222237"]
[BlackFideId "16210409"]
[EventCountry "GER"]
[EventRounds "11"]
[EventType "swiss"]
[EventDate "2018.05.19"]

1. e4 {[%clk 1:15:59]} 1... e5 {[%clk 1:15:57]} 2. Nf3 {[%clk 1:16:24]} 2...
Nc6 {[%clk 1:16:23]} 3. d4 {[%clk 1:16:50]} 3... exd4 {[%clk 1:16:48]} 4. Nxd4
4... Bc5 {[%clk 1:16:58]} 5. Be3 {[%clk 1:17:39]} 5... Qf6 {[%clk 1:17:13]} 6.
c3 {[%clk 1:18:04]} 6... Nge7 {[%clk 1:17:13]} 7. Be2 {[%clk 1:18:05]} 7... d5
{[%clk 1:17:21]} 8. Nb5 {[%clk 1:10:52]} 8... Bxe3 {[%clk 1:12:55]} 9. fxe3 {
[%clk 1:11:03]} 9... Qe5 {[%clk 1:12:14]} 10. exd5 {[%clk 1:10:24]} 10... a6 {
[%clk 1:08:20]} 11. Nxc7+ {[%clk 1:06:59]} 11... Qxc7 {[%clk 1:08:42]} 12. dxc6
{[%clk 1:07:25]} 12... Qxc6 {[%clk 1:08:42]} 13. Bf3 {[%clk 1:07:31]} 13... Qe6
{[%clk 1:08:57]} 14. Qe2 {[%clk 1:04:37]} 14... Nf5 {[%clk 1:03:36]} 15. Bg4 {
[%clk 1:01:48]} 15... Qxe3 {[%clk 1:03:26]} 16. Bxf5 {[%clk 0:59:40]} 16...
Qxe2+ {[%clk 1:03:42]} 17. Kxe2 {[%clk 1:00:05]} 17... Bxf5 {[%clk 1:04:03]}
18. Nd2 {[%clk 0:59:34]} 18... O-O-O {[%clk 1:03:19]} 19. Nf3 {[%clk 0:58:02]}
19... Bg4 {[%clk 1:02:50]} 20. h3 {[%clk 0:58:01]} 20... Rhe8+ {[%clk 1:03:11]}
21. Kf2 {[%clk 0:57:09]} 21... Bxf3 {[%clk 1:03:35]} 22. Kxf3 {[%clk 0:56:37]}
22... Rd3+ {[%clk 1:03:56]} 23. Kf2 {[%clk 0:55:42]} 23... Rd2+ {[%clk 1:04:08]
} 24. Kf3 {[%clk 0:53:49]} 24... Rxb2 {[%clk 1:04:21]} 25. Rhe1 {[%clk 0:49:05]
} 25... Rxe1 {[%clk 1:03:30]} 26. Rxe1 {[%clk 0:49:30]} 26... Kd7 { [%clk
1:03:23]} 27. Re2 {[%clk 0:47:17]} 27... Rxe2 {[%clk 1:02:52]} 28. Kxe2 { [%clk
0:47:41]} 28... Ke6 {[%clk 1:03:12]} 29. c4 {[%clk 0:45:59]} 29... b5 { [%clk
0:52:23]} 30. cxb5 {[%clk 0:45:35]} 30... axb5 {[%clk 0:51:57]} 31. a3 { [%clk
0:45:58]} 31... f6 {[%clk 0:51:52]} 32. g4 {[%clk 0:44:54]} 32... g5 { [%clk
0:51:33]} 33. Ke3 {[%clk 0:45:04]} 33... Ke5 {[%clk 0:51:40]} 34. Kd3 { [%clk
0:43:06]} 34... f5 {[%clk 0:50:16]} 35. gxf5 {[%clk 0:41:33]} 35... Kxf5 {[%clk
0:50:01]} 36. Kd4 {[%clk 0:40:58]} 36... g4 {[%clk 0:49:25]} 37. hxg4+ { [%clk
0:39:34]} 37... Kxg4 {[%clk 0:49:34]} 38. Kc5 {[%clk 0:40:00]} 38... h5 { [%clk
0:49:58]} 39. Kxb5 {[%clk 0:40:25]} 39... h4 {[%clk 0:50:24]} 40. a4 { [%clk
0:40:46]} 40... h3 {[%clk 0:50:47]} 41. a5 {[%clk 0:41:13]} 41... h2 { [%clk
0:51:13]} 42. a6 {[%clk 0:41:39]} 42... h1=Q {[%clk 0:51:39]} 43. a7 { [%clk
0:41:50]} 43... Qa8 {[%clk 0:51:05]} 44. Kb6 {[%clk 0:42:13]} 44... Kf5 { [%clk
0:51:26]} 45. Ka6 {[%clk 0:42:31]} 45... Qc6+ {[%clk 0:51:33]} 46. Ka5 { [%clk
0:42:53]} 46... Qb7 {[%clk 0:51:54]} 0-1